000 00385nam a2200109Ia 4500
008 160909s9999 xx 000 0 und d
100 _aBeam, Nancy K.
245 _aWomen and men's preferences for delivery services in rural Ethiopia
260 _bUniversity of California, San Francisco.
_c2016
650 _aNursing
856 _uhttp://pqdtopen.proquest.com/doc/1801982908.html?FMT=ABS
999 _c303922
_d303922